Government initiative for national addressing (Record no. 82845)

MARC details
000 -LEADER
fixed length control field 01152cad a22002055a 4500
001 - CONTROL NUMBER
control field L151743
008 - FIXED-LENGTH DATA ELEMENTS--GENERAL INFORMATION
fixed length control field 101206e20101203xxk 000 0 eng d
035 ## - SYSTEM CONTROL NUMBER
System control number (Sirsi) u151743
041 0# - LANGUAGE CODE
Language code of text/sound track or separate title eng
110 2# - MAIN ENTRY--CORPORATE NAME
Corporate name or jurisdiction name as entry element Ordnance Survey
9 (RLIN) 1860
245 00 - TITLE STATEMENT
Title Government initiative for national addressing
Medium [electronic resource]
260 ## - PUBLICATION, DISTRIBUTION, ETC.
Date of publication, distribution, etc. 2010
490 ## - SERIES STATEMENT
Series statement Ordnance Survey News Release
Volume/sequential designation 3 December 2010
520 ## - SUMMARY, ETC.
Summary, etc. National Address Gazetteer Database to be created by bringing together the system from local authorities and Ordnance Survey to ensure access to a definitive database of addresses in England and Wales. This will provide a platform for collaborative working between local authorities, central government and local service providers. For further information: http://www.ordnancesurvey.co.uk/oswebsite/products/national-address-gazetteer/index.html
590 ## - LOCAL NOTE (RLIN)
Local note KA NTK
651 #4 - SUBJECT ADDED ENTRY--GEOGRAPHIC NAME
Geographic name England and Wales
Chronological subdivision 1543-
690 ## - LOCAL SUBJECT ADDED ENTRY--TOPICAL TERM (OCLC, RLIN)
Topical term or geographic name as entry element ENVIRONMENTAL AND LAND CONSULTANCY-GEOMATICS
856 40 - ELECTRONIC LOCATION AND ACCESS
Uniform Resource Identifier <a href="https://www.ordnancesurvey.co.uk/oswebsite/media/news/2010/dec/nationaladdressing.html">https://www.ordnancesurvey.co.uk/oswebsite/media/news/2010/dec/nationaladdressing.html</a>
Public note View the item free of charge at www.ordnancesurvey.co.uk
942 ## - ADDED ENTRY ELEMENTS (KOHA)
Suppress in OPAC 0
Holdings
Withdrawn status Lost status Source of classification or shelving scheme Damaged status Not for loan Home library Current library Shelving location Date acquired Total Checkouts Full call number Barcode Date last seen Copy number Price effective from Koha item type
    Dewey Decimal Classification     Virtual Virtual Online 06/12/2010   ONLINE PUBLICATION 151743-2001 06/08/2019 1 06/08/2019 Journal article